[Event "Sanghi Nagar (m/7)"]
[Site "?"]
[Date "1995.??.??"]
[Round "?"]
[White "Gelfand, B."]
[Black "Karpov, An"]
[Result "0-1"]
[WhiteElo "2700"]
[BlackElo "2765"]
[PlyCount "160"]
[EventDate "1995.??.??"]
[Source "ChessBase"]
[SourceDate "1995.02.01"]

1. c4 Nf6 2. d4 e6 3. Nf3 b6 4. e3 Bb7 5. Nc3 d5 6. cxd5 exd5 7. Bb5+ c6 8. Bd3 Be7 9. O-O O-O 10. b3 Nbd7 11. Bb2 Bd6 12. Rc1 Re8 13. Ne2 Qe7 14. Ng3 g6 15. Qe2 Ba3 16. Rfe1 Qd6 17. Qc2 Bxb2 18. Qxb2 c5 19. Red1 Rac8 20. Ne2 Red8 21. Rc2 cxd4 22. Nexd4 Rxc2 23. Bxc2 Rc8 24. Rc1 Ne4 25. Bd3 Rxc1+ 26. Qxc1 Qc5 27. Qd1 b5 28. Ne2 b4 29. Qa1 Qd6 30. Qd4 Qc5 31. Qa1 Qd6 32. h3 Ndc5 33. Bc2 Qf6 34. Qe5 Qxe5 35. Nxe5 f6 36. Nf3 Ne6 37. Ne1 Kf7 38. f3 N4c5 39. g4 a5 40. Kf2 Ba6 41. h4 h6 42. h5 gxh5 43. gxh5 Ke7 44. Ng3 Ng7 45. Bg6 Kd6 46. Kg2 Bb5 47. Nc2 Nce6 48. f4 Bd7 49. Kf2 Nc7 50. Nd4 Nb5 51. Nxb5+ Bxb5 52. Ke1 Bd7 53. Bd3 Bg4 54. Be2 Nf5 55. Nxf5+ Bxf5 56. Kd2 Kc5 57. Bd3 Bd7 58. Bc2 Be8 59. Bg6 Bc6 60. Bc2 Bd7 61. Bd1 Bh3 62. Bf3 Bf5 63. Kc1 Bd7 64. Kd2 a4 65. bxa4 Bxa4 66. Be2 Bc6 67. Bf3 Be8 68. Bd1 d4 69. Kd3 Bb5+ 70. Ke4 d3 71. Kf5 Bc4 72. Ke4 d2 73. f5 Bxa2 74. Kd3 Bb1+ 75. Kxd2 Bxf5 76. Be2 Be4 77. Kc1 Kd6 78. Kb2 Bd5 79. Bd3 Bf7 80. Be2 Ke5 0-1

[Event "World Cup"]
[Site "Khanty-Mansiysk RUS"]
[Date "2007.12.02"]
[Round "3.5"]
[White "Ivanchuk, V."]
[Black "Nisipeanu, LD."]
[Result "0-1"]
[WhiteElo "2787"]
[BlackElo "2668"]
[PlyCount "44"]
[EventDate "2007.11.24"]
[Source "www.chesslib.no"]
[SourceDate "2004.05.04"]

1. d4 Nf6 2. Nf3 e6 3. c4 Bb4+ 4. Nbd2 b6 5. a3 Bxd2+ 6. Qxd2 Bb7 7. e3 O-O 8. Be2 d6 9. O-O Nbd7 10. b4 Ne4 11. Qc2 f5 12. Bb2 Rf6 13. d5 Rg6 14. Rad1 e5 15. Bd3 c6 16. Bxe4 fxe4 17. Qxe4 cxd5 18. cxd5 Nf6 19. Qc4 Rc8 20. Qb3 Qd7 21. Ne1 Ba6 22. f3 Bc4 0-1

[Event "Wijk aan Zee 83/510"]
[Site "?"]
[Date "2002.??.??"]
[Round "?"]
[White "Bareev, E."]
[Black "Leko, P."]
[Result "1-0"]
[WhiteElo "2707"]
[BlackElo "2713"]
[PlyCount "81"]
[EventDate "2002.??.??"]
[Source "Chess Informant"]
[SourceDate "2001.10.01"]

1. d4 Nf6 2. c4 e6 3. Nf3 b6 4. e3 Bb7 5. Bd3 d5 6. b3 Nbd7 7. O-O Bd6 8. Nc3 O-O 9. Bb2 c5 10. cxd5 exd5 11. Rc1 Re8 12. Bf5 Qe7 13. Qc2 Ne4 14. Rfd1 Rad8 15. dxc5 Ndxc5 16. b4 Na6 17. a3 Nc7 18. Nd4 g6 19. Nxe4 dxe4 20. g3 Nd5 21. Bh3 Be5 22. b5 Qg5 23. Qb3 Nf6 24. Qa4 Qh5 25. Kg2 Bc8 26. Bxc8 Rxc8 27. h3 Qg5 28. Rxc8 Rxc8 29. Nc6 Bxb2 30. Ne7+ Kg7 31. Nxc8 Qf5 32. Nd6 Qf3+ 33. Kg1 Be5 34. Qc2 h5 35. h4 Qg4 36. Kg2 Qf3+ 37. Kg1 Qg4 38. Qb3 Bxg3 39. Qxf7+ Kh6 40. Qf8+ Kh7 41. Qe7+ 1-0

[Event "Linares"]
[Site "?"]
[Date "1995.??.??"]
[Round "?"]
[White "Dreev, A."]
[Black "Karpov, An"]
[Result "1/2-1/2"]
[WhiteElo "2650"]
[BlackElo "2765"]
[PlyCount "45"]
[EventDate "1995.??.??"]
[Source "ChessBase"]
[SourceDate "1995.02.01"]

1. d4 Nf6 2. Nf3 e6 3. c4 Bb4+ 4. Nbd2 b6 5. e3 Bb7 6. Bd3 O-O 7. O-O d5 8. a3 Be7 9. b4 c5 10. bxc5 bxc5 11. Rb1 Ba6 12. Ne5 cxd4 13. exd4 Qc8 14. Bb2 Nbd7 15. Qf3 Bb7 16. Qh3 dxc4 17. Rbc1 cxd3 18. Rxc8 Raxc8 19. Nxd7 Nxd7 20. Qxd3 Bd5 21. Bc3 Bxa3 22. Ra1 Bd6 23. Rxa7 1/2-1/2

[Event "World Blitz"]
[Site "Moscow RUS"]
[Date "2007.11.22"]
[Round "33"]
[White "Bacrot, E."]
[Black "Kasimdzhanov, R."]
[Result "0-1"]
[WhiteElo "2695"]
[BlackElo "2690"]
[PlyCount "66"]
[EventDate "2007.11.21"]
[Source "www.chesslib.no"]
[SourceDate "2004.05.04"]

1. d4 Nf6 2. c4 e6 3. Nf3 d5 4. e3 Be7 5. b3 O-O 6. Bd3 b6 7. O-O Bb7 8. Bb2 Nbd7 9. Nc3 c5 10. Qe2 dxc4 11. bxc4 Re8 12. Rad1 cxd4 13. exd4 Bf8 14. Rfe1 Rc8 15. Ne5 g6 16. f4 Bg7 17. Kh1 a6 18. a4 Nb8 19. Bb1 Nc6 20. d5 exd5 21. cxd5 Na5 22. d6 Nd7 23. Ne4 Bxe5 24. fxe5 Nc4 25. Qf2 Nxb2 26. Qxb2 Rxe5 27. Ng3 Rxe1+ 28. Rxe1 Qf6 29. Qd2 Rd8 30. Be4 Nc5 31. Bxb7 Nxb7 32. d7 Nc5 33. Re8+ Kg7 0-1

[Event "European Club Cup 2002"]
[Site "?"]
[Date "2002.09.24"]
[Round "3"]
[White "Sokolov Ivan"]
[Black "Zvjaginsev Vadim"]
[Result "1/2-1/2"]
[WhiteElo "2677"]
[BlackElo "2673"]
[PlyCount "38"]
[EventDate "2002.??.??"]
[Source "www.chesslib.no"]
[SourceDate "2004.05.04"]

1. d4 Nf6 2. c4 e6 3. Nf3 Bb4+ 4. Nbd2 b6 5. a3 Bxd2+ 6. Qxd2 Bb7 7. e3 O-O 8. Be2 d5 9. O-O dxc4 10. Bxc4 Bd5 11. Qe2 Bxc4 12. Qxc4 Qd5 13. Qxc7 Nc6 14. Qf4 Rac8 15. Bd2 Qb3 16. Rab1 Ne7 17. Ne1 Qa2 18. Nd3 Qb3 19. Ne1 Qa2 1/2-1/2

[Event "Bled (ol) 86/(476)"]
[Site "?"]
[Date "2002.??.??"]
[Round "?"]
[White "Ehlvest, J."]
[Black "Ponomariov, R."]
[Result "1/2-1/2"]
[WhiteElo "2600"]
[BlackElo "2743"]
[PlyCount "33"]
[EventDate "2002.??.??"]
[Source "Chess Informant"]
[SourceDate "2002.10.01"]

1. c4 Nf6 2. Nf3 e6 3. d4 b6 4. e3 Bb7 5. Bd3 d5 6. O-O dxc4 7. Bxc4 a6 8. Qe2 Nbd7 9. a4 c5 10. Nc3 Bd6 11. Rd1 cxd4 12. exd4 Qc7 13. d5 O-O 14. dxe6 Bxf3 15. gxf3 Bxh2+ 16. Kg2 fxe6 17. Bxe6+ 1/2-1/2

[Event "FIDE-Wch k.o."]
[Site "Moscow"]
[Date "2001.12.02"]
[Round "3.2"]
[White "Delchev, Aleksander"]
[Black "Gelfand, Boris"]
[Result "0-1"]
[WhiteElo "2634"]
[BlackElo "2701"]
[PlyCount "50"]
[EventDate "2001.11.27"]
[Source "ChessBase"]
[SourceDate "2001.02.01"]

1. d4 Nf6 2. Nf3 e6 3. e3 b6 4. Bd3 Bb7 5. O-O c5 6. c4 g6 7. Nc3 Bg7 8. e4 cxd4 9. Nxd4 d6 10. Bc2 a6 11. Nf3 O-O 12. Bf4 Ne8 13. e5 Qc7 14. exd6 Qxc4 15. Bg5 Nf6 16. Ne5 Qc5 17. Re1 Nfd7 18. Nf3 Bxf3 19. Qxf3 Nc6 20. Ne4 Qxc2 21. Rac1 Qa4 22. Rxc6 Ne5 23. Nf6+ Bxf6 24. Qxf6 Nxc6 25. Bh6 Qd4 0-1

[Event "BL 93/94 ;BL"]
[Site "BL 93/94 ;BL"]
[Date "1994.??.??"]
[Round "?"]
[White "Jussupow, Artur M"]
[Black "Khalifman, Alexander V"]
[Result "1/2-1/2"]
[WhiteElo "2665"]
[BlackElo "2660"]
[PlyCount "51"]
[EventDate "1994.??.??"]
[Source "www.chesslib.no"]
[SourceDate "2004.05.04"]

1. d4 Nf6 2. c4 e6 3. Nf3 b6 4. e3 Bb7 5. Bd3 d5 6. O-O Bd6 7. Nc3 O-O 8. b3 a6 9. Bb2 Nbd7 10. Rc1 Qe7 11. Na4 dxc4 12. bxc4 Ne4 13. c5 bxc5 14. Ne5 Rfd8 15. Nxd7 Rxd7 16. Bxe4 Bxe4 17. Nxc5 Bxc5 18. Rxc5 Qxc5 19. dxc5 Rxd1 20. Rxd1 f6 21. Bc3 Rb8 22. Ba5 Rb5 23. Bxc7 Rxc5 24. Rd8+ Kf7 25. Rd7+ Ke8 26. a3 1/2-1/2

[Event "Horgen"]
[Site "Horgen"]
[Date "1995.??.??"]
[Round "10"]
[White "Jussupow, Artur"]
[Black "Short, Nigel D"]
[Result "1/2-1/2"]
[WhiteElo "2680"]
[BlackElo "2645"]
[PlyCount "31"]
[EventDate "1995.10.??"]
[Source "ChessBase"]

1. d4 Nf6 2. c4 e6 3. Nf3 b6 4. e3 Bb7 5. Bd3 c5 6. Nc3 cxd4 7. exd4 d5 8. cxd5 Nxd5 9. O-O Be7 10. Nxd5 Bxd5 11. Ne5 O-O 12. Qh5 g6 13. Nxg6 fxg6 14. Bxg6 hxg6 15. Qxg6+ Kh8 16. Qh6+ 1/2-1/2

[Event "Buenos Aires ARG"]
[Site "Buenos Aires ARG"]
[Date "1980.??.??"]
[Round "?"]
[White "Karpov, Anatoly"]
[Black "Andersson, Ulf"]
[Result "1-0"]
[WhiteElo "2725"]
[BlackElo "2590"]
[PlyCount "41"]
[EventDate "1980.??.??"]
[Source "www.chesslib.no"]
[SourceDate "2004.05.04"]

1. d4 Nf6 2. c4 e6 3. Nf3 b6 4. e3 Bb7 5. Bd3 c5 6. O-O Be7 7. b3 cxd4 8. exd4 d5 9. Bb2 O-O 10. Nbd2 a6 11. Re1 Nbd7 12. Qe2 Re8 13. Rac1 dxc4 14. bxc4 b5 15. c5 Bd5 16. a4 bxa4 17. Nc4 Rc8 18. Bc3 Bd6 19. Ba5 Nb6 20. Rc2 Be7 21. Bf5 1-0

[Event "Camp. russo a squadre 2007"]
[Site "Sochi RUS"]
[Date "2007.05.06"]
[Round "5"]
[White "Khalifman, A."]
[Black "Eljanov, P."]
[Result "1/2-1/2"]
[WhiteElo "2624"]
[BlackElo "2686"]
[PlyCount "39"]
[EventDate "2007.05.02"]
[Source "www.chesslib.no"]
[SourceDate "2004.05.04"]

1. d4 Nf6 2. c4 e6 3. Nf3 b6 4. e3 Bb7 5. Bd3 Bb4+ 6. Nc3 Ne4 7. O-O f5 8. Ne2 O-O 9. a3 Be7 10. b3 Bf6 11. Bb2 c5 12. b4 Nc6 13. Qb3 cxd4 14. exd4 Ne7 15. Rad1 a5 16. Ne5 axb4 17. axb4 d6 18. Nf4 Qc8 19. Nf3 Kh8 20. b5 1/2-1/2

[Event "It (Men) Cuernavaca MEX"]
[Site "?"]
[Date "2006.02.11"]
[Round "9"]
[White "Bruzon Bautista Lazaro"]
[Black "Karjakin Sergey"]
[Result "1-0"]
[WhiteElo "2650"]
[BlackElo "2660"]
[PlyCount "69"]
[EventDate "2006.??.??"]
[Source "www.chesslib.no"]
[SourceDate "2004.05.04"]

1. d4 Nf6 2. c4 e6 3. Nf3 b6 4. e3 Bb7 5. Bd3 d5 6. b3 Bd6 7. O-O O-O 8. Nc3 a6 9. Bb2 Nbd7 10. cxd5 exd5 11. Ne2 Qe7 12. Ng3 g6 13. Rc1 Ne4 14. Re1 f5 15. Re2 g5 16. Rec2 c6 17. Nf1 g4 18. Ne1 Rf6 19. f4 Rh6 20. g3 Ndf6 21. Rg2 Rh3 22. Bb1 h5 23. Nd3 Qh7 24. Ne5 Rc8 25. Bd3 h4 26. Rcc2 Kg7 27. gxh4 Rxh4 28. Ng3 Kf8 29. Bxe4 fxe4 30. Qc1 Nh5 31. Ba3 Bxa3 32. Qxa3+ Kg8 33. Nxh5 Qxh5 34. Qe7 Qh7 35. Qg5+ 1-0

[Event "Moscow 5'"]
[Site "Moscow RUS"]
[Date "1971.??.??"]
[Round "?"]
[White "Petrosian, Tigran V"]
[Black "Korchnoi, Viktor L"]
[Result "1-0"]
[WhiteElo "2640"]
[BlackElo "2660"]
[PlyCount "87"]
[EventDate "1971.??.??"]
[Source "www.chesslib.no"]
[SourceDate "2004.05.04"]

1. d4 Nf6 2. c4 e6 3. Nf3 b6 4. e3 Bb7 5. Bd3 c5 6. Nc3 Be7 7. O-O cxd4 8. exd4 d5 9. Bg5 Nbd7 10. Qe2 O-O 11. Rad1 Re8 12. Ne5 Nf8 13. Rfe1 a6 14. a4 dxc4 15. Bxc4 Nd5 16. Bd2 Bf6 17. Nxd5 exd5 18. Bd3 Ng6 19. f4 Qd6 20. Qh5 Re7 21. Re3 Nf8 22. Rg3 g6 23. Qf3 Bg7 24. Bc3 Bc6 25. Ra1 f6 26. Nxc6 Qxc6 27. f5 g5 28. Qf1 Qb7 29. Re1 Rxe1 30. Qxe1 b5 31. axb5 axb5 32. Bb4 Qa7 33. Bc5 Qa1 34. Qxa1 Rxa1+ 35. Kf2 Ra2 36. Bxb5 Rxb2+ 37. Be2 Nd7 38. Ba3 Rd2 39. Rd3 Rxd3 40. Bxd3 Bf8 41. Bb2 Bd6 42. g3 Kf7 43. Ke3 Ke7 44. Bc2 1-0

[Event "Dortmund 73/(582)"]
[Site "?"]
[Date "1998.??.??"]
[Round "?"]
[White "Jussupow, Artur"]
[Black "Adams, Michael"]
[Result "1/2-1/2"]
[WhiteElo "2630"]
[BlackElo "2670"]
[PlyCount "56"]
[EventDate "1998.??.??"]
[Source "ChessBase"]
[SourceDate "1998.06.01"]

1. d4 Nf6 2. Nf3 e6 3. e3 b6 4. Bd3 Bb7 5. O-O c5 6. c4 g6 7. Nc3 Bg7 8. d5 exd5 9. cxd5 Nxd5 10. Nxd5 Bxd5 11. Bxg6 hxg6 12. Qxd5 Nc6 13. e4 Qe7 14. Bf4 Qe6 15. Ng5 Qxd5 16. exd5 Ne5 17. Rae1 d6 18. Bxe5 dxe5 19. f4 Rd8 20. fxe5 Rxd5 21. Nxf7 Rf8 22. Nd6+ Ke7 23. Rxf8 Kxf8 24. Rf1+ Kg8 25. Ne8 Bxe5 26. Nf6+ Bxf6 27. Rxf6 Kg7 28. Rf2 Rd1+ 1/2-1/2

[Event "Espagne (championnat equipes)"]
[Site "?"]
[Date "2004.08.28"]
[Round "6.1"]
[White "Mamedyarov Shakhriyar"]
[Black "Macieja Bartlomiej"]
[Result "1/2-1/2"]
[WhiteElo "2662"]
[BlackElo "2633"]
[PlyCount "29"]
[EventDate "2004.??.??"]
[Source "www.chesslib.no"]
[SourceDate "2004.05.04"]

1. d4 Nf6 2. Nf3 e6 3. e3 b6 4. Bd3 Bb7 5. O-O Be7 6. c4 c5 7. Nc3 cxd4 8. exd4 d5 9. cxd5 Nxd5 10. Bb5+ Bc6 11. Bc4 Nxc3 12. bxc3 Nd7 13. Bb3 O-O 14. Re1 Bd6 15. h3 1/2-1/2

[Event "Corus"]
[Site "Wijk aan Zee"]
[Date "2000.01.30"]
[Round "13"]
[White "Kortschnoj, Viktor"]
[Black "Piket, Jeroen"]
[Result "1-0"]
[WhiteElo "2659"]
[BlackElo "2633"]
[PlyCount "119"]
[EventDate "2000.01.15"]
[Source "ChessBase"]
[SourceDate "2000.04.05"]

1. d4 Nf6 2. c4 e6 3. Nf3 d5 4. Nc3 Nbd7 5. e3 Be7 6. b3 O-O 7. Bd3 b6 8. O-O Bb7 9. Bb2 c5 10. Qe2 a6 11. cxd5 exd5 12. Rfd1 Re8 13. Bf5 b5 14. dxc5 Nxc5 15. Qe1 Qb6 16. Rac1 b4 17. Ne2 a5 18. Bd4 g6 19. Bb1 Rac8 20. Nf4 Qa6 21. Bxf6 Bxf6 22. Nxd5 Bxd5 23. Rxd5 Bc3 24. Qf1 Qxf1+ 25. Kxf1 a4 26. bxa4 Nxa4 27. g4 Kg7 28. Kg2 Red8 29. Rcd1 Bf6 30. Rxd8 Rxd8 31. Rxd8 Bxd8 32. Bc2 Nc3 33. Bb3 Be7 34. Ne5 f6 35. Nc6 Bd6 36. h3 Kf8 37. Kf1 Bc5 38. Ke1 Ke8 39. Be6 Ne4 40. h4 Nc3 41. Kd2 Ne4+ 42. Ke2 Bd6 43. f3 Nc5 44. Bc4 Nd7 45. Bb5 Kf8 46. Nxb4 Bxb4 47. Bxd7 Ke7 48. Bc8 h6 49. a4 Kd6 50. Kd3 Ke5 51. Bd7 g5 52. h5 Ba5 53. Bc8 Bb6 54. Bf5 Ba5 55. Kc4 Bd2 56. Kc5 Bxe3+ 57. Kc6 Bd2 58. Kd7 Kf4 59. Ke6 Kxf3 60. Kf7 1-0

[Event "Cap d'Agde-B"]
[Site "?"]
[Date "2002.10.24"]
[Round "1"]
[White "Gelfand Boris"]
[Black "Pelletier Yannick"]
[Result "1/2-1/2"]
[WhiteElo "2704"]
[BlackElo "2587"]
[PlyCount "113"]
[EventDate "2002.??.??"]
[Source "www.chesslib.no"]
[SourceDate "2004.05.04"]

1. d4 Nf6 2. c4 e6 3. Nf3 Bb4+ 4. Nbd2 b6 5. a3 Bxd2+ 6. Qxd2 Bb7 7. e3 d6 8. Be2 Nbd7 9. O-O O-O 10. b4 Qe7 11. Bb2 Ne4 12. Qd3 f5 13. Nd2 e5 14. f3 Nxd2 15. Qxd2 Rae8 16. Rfe1 Qh4 17. Bf1 Re7 18. a4 exd4 19. exd4 Rfe8 20. Rxe7 Qxe7 21. a5 Nf6 22. d5 Bc8 23. axb6 axb6 24. Ra7 Rf8 25. Bd4 Qd8 26. Bd3 Bd7 27. Qg5 Qc8 28. Ra1 Rf7 29. Re1 h6 30. Qc1 Qd8 31. Qc2 Ne8 32. c5 bxc5 33. bxc5 dxc5 34. Qxc5 Nd6 35. Rc1 Be8 36. Be5 Re7 37. f4 Bf7 38. Qd4 Ne8 39. Rc5 Bg6 40. Rc6 Nd6 41. Ra6 Qd7 42. Qc5 Kh7 43. Bxd6 cxd6 44. Qxd6 Qe8 45. Qc5 Re3 46. Bf1 Bf7 47. d6 Re1 48. Ra3 Qe6 49. Rf3 Be8 50. h3 Bh5 51. Rf2 Rd1 52. Qe5 Rxd6 53. Kh2 Qxe5 54. fxe5 Re6 55. Rxf5 Bg6 56. Bd3 Re7 57. Rf3 1/2-1/2

[Event "Amber-blind 3rd"]
[Site "Monte Carlo"]
[Date "1994.??.??"]
[Round "6"]
[White "Polgar, Zsuzsa"]
[Black "Karpov, Anatoly"]
[Result "1-0"]
[WhiteElo "2550"]
[BlackElo "2740"]
[PlyCount "87"]
[EventDate "1994.03.??"]
[Source "ChessBase"]

1. d4 Nf6 2. Nf3 e6 3. e3 b6 4. Bd3 c5 5. c4 Bb7 6. Nc3 cxd4 7. exd4 Be7 8. O-O d5 9. cxd5 Nxd5 10. Ne5 O-O 11. Qg4 Nxc3 12. bxc3 Bf6 13. Re1 Nd7 14. Bh6 Rc8 15. Rac1 Qe7 16. Qh3 Rfd8 17. Bf4 Nf8 18. Qh5 Rd5 19. Re3 g6 20. Qd1 Bg7 21. Re1 Ra5 22. Nc4 Rd5 23. Ne5 Rdd8 24. Qd2 h5 25. h3 Rd5 26. Qe2 Ra5 27. Nc4 Rd5 28. Be4 Rdd8 29. Bxb7 Qxb7 30. Nd6 Rxd6 31. Bxd6 Nd7 32. Bf4 Qd5 33. Qa6 Ra8 34. Be3 Qc6 35. a4 Bf8 36. Qb5 Qb7 37. c4 a6 38. Qb3 Qc6 39. d5 Qd6 40. Rcd1 Rb8 41. dxe6 Qxe6 42. Bf4 Qc6 43. Rxd7 Qxd7 44. Bxb8 1-0

[Event "Bundesliga 9596"]
[Site "Germany"]
[Date "1996.??.??"]
[Round "?"]
[White "Khalifman, Alexander"]
[Black "Hracek, Zbynek"]
[Result "1/2-1/2"]
[WhiteElo "2655"]
[BlackElo "2635"]
[PlyCount "125"]
[EventDate "1995.10.??"]
[Source "ChessBase"]
[SourceDate "1999.07.01"]

1. d4 Nf6 2. c4 e6 3. Nf3 b6 4. e3 Bb7 5. Bd3 Bb4+ 6. Nbd2 O-O 7. O-O d5 8. a3 Bd6 9. b4 c5 10. cxd5 exd5 11. bxc5 bxc5 12. dxc5 Bxc5 13. Bb2 Nbd7 14. Nb3 Bd6 15. Nbd4 Re8 16. Nf5 Bf8 17. Bb5 Re6 18. N5d4 Re8 19. Rb1 Rb8 20. Nf5 Re6 21. Bd4 Ba6 22. a4 Bxb5 23. axb5 g6 24. Bxf6 Qxf6 25. N5d4 Rd6 26. Nc6 Rb7 27. Nfd4 Nc5 28. Qc2 Ne6 29. Nf3 Nd8 30. Ncd4 Ne6 31. Qa2 Nxd4 32. Nxd4 h5 33. Rfd1 Rdd7 34. Rbc1 Bg7 35. h3 Kh7 36. Rc5 Qb6 37. Qc2 Bxd4 38. Rxd4 Qe6 39. Qd3 Rb6 40. Rcxd5 Rxd5 41. Rxd5 Kg7 42. e4 Qf6 43. e5 Qf4 44. g3 Qb4 45. Kg2 a6 46. Rd6 Rxb5 47. Qf3 Rb8 48. Qf6+ Kh6 49. h4 Qb7+ 50. Kh2 Re8 51. Rxa6 Qe7 52. Qf4+ Kg7 53. Rf6 Qc7 54. Rd6 Qe7 55. Rd5 Qe6 56. Qd4 Kh7 57. Kg1 Kg7 58. Kh2 Kh7 59. Rb5 Kg7 60. Rc5 Kh7 61. Rc7 Kg7 62. Qf4 Rd8 63. Qg5 1/2-1/2

[Event "FRG Ch int 4th"]
[Site "Bad Lauterberg GER"]
[Date "1977.??.??"]
[Round "7"]
[White "Huebner, Robert"]
[Black "Karpov, Anatoly"]
[Result "1/2-1/2"]
[WhiteElo "2600"]
[BlackElo "2690"]
[PlyCount "127"]
[EventDate "1977.03.??"]
[Source "www.chesslib.no"]
[SourceDate "2004.05.04"]

1. c4 Nf6 2. Nf3 b6 3. d4 e6 4. e3 Bb7 5. Bd3 Be7 6. O-O O-O 7. Nc3 d5 8. Qe2 c5 9. Rd1 Nbd7 10. cxd5 exd5 11. b3 Re8 12. Bb2 Bf8 13. Rac1 a6 14. Qf1 cxd4 15. Nxd4 Qb8 16. Be2 b5 17. Rc2 Ne5 18. Rdc1 Qd6 19. Nb1 Rac8 20. Nd2 Ne4 21. Qd1 Rxc2 22. Rxc2 Qd8 23. Qa1 Qh4 24. g3 Qh3 25. Nf1 Bd6 26. Qd1 Nf6 27. f3 h5 28. Qe1 Ned7 29. Bd3 g6 30. Qf2 Ne5 31. Be2 Rc8 32. Rxc8+ Qxc8 33. Qe1 Nfd7 34. Qd2 Nc5 35. Qc3 Ncd7 36. Qd2 Nc5 37. Kg2 Kf8 38. Ba3 Ke8 39. Qc3 Kd7 40. h3 Ncd3 41. Qxc8+ Bxc8 42. Bxd6 Kxd6 43. Nd2 Nc1 44. a3 b4 45. a4 Nc6 46. Bd1 Na2 47. Bc2 Nc3 48. f4 Ne7 49. N2f3 f6 50. h4 Ne4 51. Bxe4 dxe4 52. Ne1 Nd5 53. Kf2 Bg4 54. Nec2 Kc5 55. f5 Ne7 56. fxg6 Nxg6 57. Ne2 Ne5 58. Ncd4 Nd3+ 59. Kf1 Bh3+ 60. Kg1 Bd7 61. Kf1 Bh3+ 62. Kg1 Nb2 63. Nf4 Bg4 64. Kf1 1/2-1/2

[Event "Elista ol (Men)"]
[Site "Elista"]
[Date "1998.10.06"]
[Round "8"]
[White "Jussupow, Artur"]
[Black "Andersson, Ulf"]
[Result "1/2-1/2"]
[WhiteElo "2640"]
[BlackElo "2645"]
[PlyCount "49"]
[EventDate "1998.09.29"]
[Source "ChessBase"]
[SourceDate "1998.11.06"]

1. d4 Nf6 2. Nf3 e6 3. e3 c5 4. Bd3 b6 5. O-O Bb7 6. c4 Be7 7. Nc3 cxd4 8. exd4 d5 9. b3 O-O 10. Bb2 Nc6 11. Rc1 Rc8 12. Re1 Re8 13. cxd5 Nxd5 14. Nxd5 Qxd5 15. Be4 Qd6 16. d5 exd5 17. Qxd5 Qxd5 18. Bxd5 Kf8 19. h4 f6 20. h5 Na5 21. Bxb7 Nxb7 22. Nd4 Rxc1 23. Rxc1 Bc5 24. Kf1 Nd6 25. f3 1/2-1/2

[Event "IX Foxwoods Open"]
[Site "Mashantucket USA"]
[Date "2007.04.07"]
[Round "6"]
[White "Ibragimov, Ildar"]
[Black "Perelshteyn, Eugene"]
[Result "1-0"]
[WhiteElo "2675"]
[BlackElo "2609"]
[PlyCount "83"]
[EventDate "2007.04.04"]
[Source "www.chesslib.no"]
[SourceDate "2004.05.04"]

1. d4 Nf6 2. Nf3 e6 3. e3 b6 4. Bd3 Bb7 5. O-O c5 6. c4 Be7 7. Nc3 cxd4 8. exd4 d6 9. d5 e5 10. Rb1 Nbd7 11. b4 O-O 12. Nd2 Ne8 13. Nb3 f5 14. a4 g6 15. a5 Bf6 16. Be2 Rf7 17. Bb2 e4 18. Nd4 Ne5 19. Ne6 Qe7 20. Nb5 Ba6 21. c5 bxc5 22. bxc5 dxc5 23. Ba3 Rc8 24. Nxc5 Bxb5 25. Bxb5 Bg7 26. Bxe8 Rxe8 27. d6 Qh4 28. Rb3 Ng4 29. Rh3 Qf6 30. d7 Rd8 31. Qb3 Ne5 32. Ne6 Nxd7 33. Nxd8 Qxd8 34. Rd1 Qxa5 35. Bb4 Qb5 36. Ba3 Qxb3 37. Rxb3 Be5 38. Rb7 Nb6 39. Be7 Kg7 40. Rd8 Rxe7 41. Rxe7+ Kf6 42. Rxa7 1-0

[Event "Solingen"]
[Site "Solingen GER"]
[Date "1974.??.??"]
[Round "12"]
[White "Spassky, Boris Vasily"]
[Black "Polugaevsky, Lev A"]
[Result "1/2-1/2"]
[WhiteElo "2650"]
[BlackElo "2630"]
[PlyCount "39"]
[EventDate "1974.??.??"]
[Source "www.chesslib.no"]
[SourceDate "2004.05.04"]

1. d4 Nf6 2. c4 e6 3. Nf3 b6 4. Nc3 Bb7 5. e3 d5 6. Bd3 Nbd7 7. O-O Bd6 8. b3 O-O 9. Bb2 a6 10. Rc1 Qe7 11. Bb1 Rfd8 12. Qe2 dxc4 13. bxc4 c5 14. Rcd1 cxd4 15. exd4 Rac8 16. Ne5 Ba3 17. Bxa3 Qxa3 18. Rd3 Qa5 19. Rh3 Nf8 20. Rd1 1/2-1/2

[Event "ch-Euro Blitz"]
[Site "Ajaccio FRA"]
[Date "2007.10.26"]
[Round "24"]
[White "Jussupow, Ar"]
[Black "Bacrot, E."]
[Result "0-1"]
[WhiteElo "2583"]
[BlackElo "2695"]
[PlyCount "94"]
[EventDate "2007.10.25"]
[Source "www.chesslib.no"]
[SourceDate "2004.05.04"]

1. d4 Nf6 2. Nf3 b6 3. c4 Bb7 4. Nc3 e6 5. e3 g6 6. Be2 Bg7 7. d5 O-O 8. O-O b5 9. d6 bxc4 10. Nb5 cxd6 11. Nxd6 Bd5 12. Bxc4 Qc7 13. Bxd5 Nxd5 14. Nb5 Qb6 15. a4 a6 16. Na3 Qb4 17. Rb1 Nc6 18. Bd2 Qe4 19. Qc2 Qxc2 20. Nxc2 a5 21. e4 Nf6 22. Rfe1 Rfb8 23. b3 d5 24. exd5 Nxd5 25. Ne3 Nxe3 26. Bxe3 Nb4 27. Red1 Nd5 28. Bd2 Rb7 29. Rdc1 Bf8 30. Nd4 Bg7 31. Nb5 Bf8 32. Rc6 Nb4 33. Rc4 Rd7 34. Bc3 Rad8 35. g3 Rd3 36. Bf6 Ra8 37. Kg2 Nd5 38. Be5 Rd2 39. Kf1 Rd8 40. Nc7 f6 41. Nxd5 R8xd5 42. Bxf6 Bc5 43. Rf4 e5 44. Rf3 e4 45. Rf4 g5 46. Rxe4 Rxf2+ 47. Ke1 Rxf6 0-1

[Event "Presidents Cup"]
[Site "Elista"]
[Date "1998.05.12"]
[Round "2.3"]
[White "Khalifman, Alexander"]
[Black "Aleksandrov, Aleksej"]
[Result "1/2-1/2"]
[WhiteElo "2660"]
[BlackElo "2615"]
[PlyCount "39"]
[EventDate "1998.05.07"]
[Source "ChessBase"]
[SourceDate "1998.08.06"]

1. d4 Nf6 2. c4 e6 3. Nf3 Bb4+ 4. Nbd2 b6 5. e3 Bb7 6. Bd3 c5 7. O-O O-O 8. dxc5 Bxc5 9. a3 d5 10. b4 Be7 11. Bb2 Nbd7 12. Rc1 a5 13. Qb3 axb4 14. axb4 dxc4 15. Bxc4 Qb8 16. Rfd1 b5 17. Be2 Bd5 18. Qd3 Bxb4 19. Qxb5 Qxb5 20. Bxb5 1/2-1/2

[Event "Yerevan"]
[Site "Yerevan"]
[Date "1996.??.??"]
[Round "1"]
[White "Ehlvest, Jaan"]
[Black "Vaganian, Rafael A"]
[Result "1/2-1/2"]
[WhiteElo "2660"]
[BlackElo "2615"]
[PlyCount "71"]
[EventDate "1996.04.??"]
[Source "ChessBase"]

1. d4 Nf6 2. Nf3 e6 3. c4 b6 4. e3 Bb7 5. Bd3 Bb4+ 6. Bd2 Bxd2+ 7. Nbxd2 O-O 8. e4 d6 9. O-O e5 10. d5 a5 11. a3 Na6 12. Bc2 c6 13. Rb1 b5 14. cxb5 cxb5 15. b4 axb4 16. axb4 Qb6 17. Bd3 Bc8 18. Re1 Bd7 19. Nf1 Rfc8 20. h3 Rc3 21. Qd2 Rac8 22. Ng3 Ra3 23. Ra1 Rxd3 24. Qxd3 Nxb4 25. Qa3 Nc2 26. Qa6 Qb8 27. Rab1 Nxe1 28. Nxe1 g6 29. Nd3 Rc4 30. Nxe5 dxe5 31. Qxf6 b4 32. d6 Rd4 33. Nh5 gxh5 34. Qg5+ Kf8 35. Qe7+ Kg8 36. Qg5+ 1/2-1/2

[Event "Erevan ARM"]
[Site "Erevan ARM"]
[Date "1996.??.??"]
[Round "1"]
[White "Ehlvest, Jaan"]
[Black "Vaganian, Rafael A"]
[Result "1/2-1/2"]
[WhiteElo "2660"]
[BlackElo "2615"]
[PlyCount "71"]
[EventDate "1996.??.??"]
[Source "www.chesslib.no"]
[SourceDate "2004.05.04"]

1. d4 Nf6 2. Nf3 e6 3. c4 b6 4. e3 Bb7 5. Bd3 Bb4+ 6. Bd2 Bxd2+ 7. Nbxd2 O-O 8. e4 d6 9. O-O e5 10. d5 a5 11. a3 Na6 12. Bc2 c6 13. Rb1 b5 14. cxb5 cxb5 15. b4 axb4 16. axb4 Qb6 17. Bd3 Bc8 18. Re1 Bd7 19. Nf1 Rfc8 20. h3 Rc3 21. Qd2 Rac8 22. Ng3 Ra3 23. Ra1 Rxd3 24. Qxd3 Nxb4 25. Qa3 Nc2 26. Qa6 Qb8 27. Rab1 Nxe1 28. Nxe1 g6 29. Nd3 Rc4 30. Nxe5 dxe5 31. Qxf6 b4 32. d6 Ba4 33. Nh1 Qb7 34. Qxe5 f5 35. Qb5 Kf7 36. Qxc4+ 1/2-1/2